| 000 | 00914cam a2200301 4500 | ||
|---|---|---|---|
| 001 | ABS63663 | ||
| 008 | 000000n2001 000 0 eng u | ||
| 035 | _a(Sirsi) u111830 | ||
| 245 | _aRegional survey: Berkshire | ||
| 260 | _c2001 | ||
| 490 |
_aProperty Week _v66(10) 9 March 2001, 69-108(14) |
||
| 590 | _aABS | ||
| 650 | _aBERKSHIRE | ||
| 650 | _aBRACKNELL | ||
| 650 | _aSLOUGH | ||
| 650 | _aWINDSOR | ||
| 650 | _aMAIDENHEAD | ||
| 650 | _aTELECOMMUNICATIONS | ||
| 650 | _aMANAGEMENT-BUSINESS MANAGEMENT-INFORMATION MANAGEMENT | ||
| 650 | _aREGENERATION | ||
| 650 | _aTHAMES VALLEY | ||
| 650 | _aPROPERTY-COMMERCIAL PROPERTY-OFFICE PROPERTY-OFFICE PROPERTY MARKET | ||
| 650 | _aREADING | ||
| 650 | _aINDUSTRIAL MARKET | ||
| 650 | _aPROPERTY-COMMERCIAL PROPERTY-RETAIL PROPERTY-RETAIL PROPERTY MARKET | ||
| 690 | _aPROPERTY-COMMERCIAL PROPERTY-COMMERCIAL PROPERTY MARKET | ||
| 942 | _n0 | ||
| 999 |
_c66637 _d66637 |
||